[Event "SVK Amateur-ch 2020"]
[Site "Topolcany"]
[Date "2020.07.12"]
[Round "5.19"]
[White "Dziewonski, Dariusz"]
[Black "Balint, Vilmos"]
[Result "1/2-1/2"]
[WhiteElo "2029"]
[BlackElo "2143"]
[Annotator "TA"]
[PlyCount "130"]
[EventDate "2020.07.10"]
[EventType "swiss"]
[EventCountry "SVK"]
[SourceTitle "playchess.com"]
[Source "ChessBase"]
[SourceQuality "1"]

{[%evp 12,130,18,0,0,0,0,0,0,0,0,0,0,0,0,0,0,-14,0,0,-5,-58,0,-9,-9,-58,0,-29,0,-32,-29,-30,-29,-21,-22,-46,-44,-56,-47,-112,-105,-110,0,0,0,0,0,-54,-54,-166,-164,-163,-147,-160,-117,-88,-81,-81,-84,-81,-85,-71,-54,-61,0,-81,-76,-81,0,0,0,0,0,0,0,0,0,0,0,0,0,0,0,0,0,0,0,0,0,0,0,0,0,0,0,0,0,0,0,0,0,0,0,0,0,0,0,0,0,0,0,0,0,0,0,0,0,0,0,0,0]} 1. e4 e6 2. d4 d5 3. Nc3 Bb4 4. e5 Ne7 5. a3 Bxc3+ 6. bxc3 b6 7. Nf3 Qd7 {C16: French: 3 Nc3 Bb4 4 e5: Lines without ...c5.} 8. a4 Ba6 9. Bxa6 Nxa6 10. Qd3 Nb8 {[%cal Ba6b8,Bb8c6,Bc6a5,Ba5c4][%mdl 32]} 11. c4 dxc4 12. Qxc4 Nbc6 13. O-O Na5 14. Qb5 {[#]} Qc6 $146 ({Predecessor:} 14... Qxb5 15. axb5 c6 16. Bd2 Nc4 17. Rfb1 cxb5 18. Rxb5 a5 19. Kf1 Kd7 20. Ke2 Kc6 {½-½ (49) Diepeveen,V (2323)-Sarrau,J (2370) Belgium 2016}) 15. Bd2 Nc4 16. Rfd1 (16. Rfb1 $11) 16... a6 (16... Qxb5 $15 17. axb5 c6) 17. Qxc6+ Nxc6 18. Be3 O-O-O (18... Nb4 $15 19. Bc1 c5) 19. Nd2 N6a5 20. Nxc4 Nxc4 21. Rd3 Rd5 22. Rc3 Na5 23. Kf1 Rhd8 24. Rb1 {And now Rxb6 would win.} Kb7 25. Rb4 {[#]} (25. Ra3 $15) 25... R8d7 $1 $17 26. Rd3 b5 ({Better is} 26... Nc6 $17 27. Rb1 Rd8) 27. axb5 $11 axb5 28. Ra3 Nc4 29. Rab3 (29. Ra2 $11) 29... Kc6 $15 30. Rb1 ({White should try} 30. Ke2 $15) 30... Rxd4 $19 31. Rxb5 Nxe3+ 32. fxe3 {[%mdl 4096] Endgame KRR-KRR} Rd1+ 33. Ke2 R7d2+ 34. Kf3 Rxb1 ({Much worse is} 34... Rxc2 $6 35. Rxd1 Kxb5 36. Rd7 $11) 35. Rxb1 Rxc2 $17 {KR-KR} 36. Rb8 Rc1 37. Ke2 Rc2+ 38. Kf3 Rc5 39. Ke4 Rc1 ({Black should play} 39... Rd5 $17) 40. Rg8 $11 {The position is equal.} g6 41. Rg7 $1 Rf1 42. Rxh7 Kd7 43. Rh8 Rf2 44. g4 Rg2 45. Kf3 Rg1 46. h4 c5 47. Rf8 Ke7 48. Rc8 Rh1 49. Rxc5 Rxh4 50. Rc8 Rh1 51. Rg8 Rf1+ 52. Ke2 Ra1 53. Kf3 Rd1 54. Kg3 Rb1 55. Kf3 Kd7 56. e4 Rf1+ 57. Ke3 Kc6 58. Rc8+ Kb6 59. Rc2 Re1+ 60. Kf3 Kb7 61. Kf4 Kb6 62. Rc3 Rf1+ 63. Kg5 Rf2 64. Rc8 Kb7 65. Rc3 Kb6 {White happily takes the draw. Accuracy: White = 85%, Black = 88%.} 1/2-1/2

[Event "SVK Amateur-ch 2020"]
[Site "Topolcany"]
[Date "2020.07.12"]
[Round "5.20"]
[White "Pejko, Otomar"]
[Black "Giertli, Vladimir"]
[Result "1-0"]
[WhiteElo "2138"]
[BlackElo "2034"]
[Annotator "TA"]
[PlyCount "89"]
[EventDate "2020.07.10"]
[EventType "swiss"]
[EventCountry "SVK"]
[SourceTitle "playchess.com"]
[Source "ChessBase"]
[SourceQuality "1"]

{[%evp 19,89,26,50,9,33,22,33,22,36,19,48,36,40,51,40,33,73,70,85,64,75,66,89,62,72,75,103,31,37,35,33,23,65,60,61,25,61,62,101,34,124,6,5,4,15,-46,-47,-237,-149,-208,-152,-108,-80,-376,0,-98,36,34,8,8,252,171,1068,1056,1047,1040,972,939,937,889,715,488]} 1. e4 d6 2. d4 Nf6 3. Nc3 g6 4. h3 c6 5. a4 a5 6. Nf3 Bg7 7. Be3 Qc7 8. Be2 O-O 9. O-O e5 10. dxe5 dxe5 11. Nd2 {B08: Pirc Defence: Classical System.} Be6 12. Bc4 Qe7 13. Qe2 {[#] White is slightly better.} Nbd7 $146 ({Predecessor:} 13... Na6 14. Bxe6 Qxe6 15. Nc4 Nb4 16. Rad1 Nh5 17. Nb6 Ra6 18. Nd7 Nf4 19. Bxf4 exf4 20. Nxf8 Bxf8 {1-0 (49) Needleman,G (2195)-Cortegoso,M Mendoza 2003}) 14. Rfd1 Rfe8 15. Bxe6 Qxe6 16. Nc4 Bf8 17. Rd2 Nc5 18. f3 Nh5 19. b3 Qf6 20. Qf2 Ne6 21. Ne2 Bb4 22. c3 Bf8 23. Nb6 (23. Bb6 $16) 23... Rad8 $14 24. Nd7 Qe7 25. Rad1 ({Of course not} 25. Nxe5 Rxd2 26. Bxd2 Nc5 $17) 25... Bg7 26. Bb6 Ra8 27. Nc5 Nf8 28. Rd6 Nf4 29. Kh2 ({Better is} 29. Nxf4 $16 {And now Ne2 would win.} exf4 30. R6d3) 29... Bh6 (29... N4e6 $14) 30. g3 (30. Nxf4 $16 exf4 31. Kh1) 30... N4e6 $11 31. Nxe6 Nxe6 32. Rd7 (32. c4 $11) 32... Qa3 $15 33. Rxb7 $2 (33. Rb1 $1 $15) 33... Qxb3 34. Rdd7 Qxa4 35. Rxf7 Qc2 {aiming for ...a4.} 36. Rxh7 $2 {[%mdl 8192]} (36. f4 $17) 36... Bf8 $2 ({Black should play} 36... Bg7 $19 37. Rhxg7+ (37. Rh4 $2 a4 $19) 37... Nxg7) 37. f4 {[#]} (37. g4 $1 $11 {keeps the balance.} g5 38. Ng3 Qxf2+ 39. Bxf2) 37... exf4 (37... Bg7 $1 $17 38. f5 (38. Rhxg7+ $2 Nxg7 39. f5 Reb8 $19) 38... Kxh7 39. fxg6+ Kh8) 38. Nxf4 $40 {[%mdl 128] White has some attack.} Qxf2+ 39. Bxf2 Nxf4 $2 (39... Ng5 $11 {and Black stays safe.} 40. Rhc7 Reb8) 40. gxf4 {Threatens to win with Bd4.} a4 $2 (40... Reb8) 41. Bd4 $18 {[%csl Gd4][%cal Rh7h8] [#]White is clearly winning.} Be7 42. Rbxe7 Rxe7 43. Rh8+ Kf7 44. Rxa8 Rxe4 45. Bf2 {Accuracy: White = 50%, Black = 42%.} 1-0

[Event "SVK Amateur-ch 2020"]
[Site "Topolcany"]
[Date "2020.07.12"]
[Round "5.21"]
[White "Meszarosova, Eva"]
[Black "Skreno, Vladimir"]
[Result "1/2-1/2"]
[WhiteElo "1976"]
[BlackElo "2119"]
[Annotator "ChessBase"]
[PlyCount "87"]
[EventDate "2020.07.10"]
[EventType "swiss"]
[EventCountry "SVK"]
[SourceTitle "playchess.com"]
[Source "ChessBase"]
[SourceQuality "1"]
[TimeControl "3600+30"]

1. e4 {[%emt 0:00:00]} c5 {[%emt 0:00:00]} 2. Nf3 {[%emt 0:00:00]} Nc6 {[%emt 0:00:00]} 3. d4 {[%emt 0:00:00]} cxd4 {[%emt 0:00:00]} 4. Nxd4 {[%emt 0:00:04]} Qc7 {[%emt 0:00:30]} 5. g3 {[%emt 0:01:52]} Qe5 {[%emt 0:01:09]} 6. Be3 {[%emt 0:05:28]} Qxe4 {[%emt 0:01:11]} 7. Qf3 {[%emt 0:00:13]} Qxf3 {[%emt 0:01:03]} 8. Nxf3 {[%emt 0:01:07]} e6 {[%emt 0:00:51]} 9. c3 {[%emt 0:01:24]} Nf6 {[%emt 0:00:30]} 10. Bg2 {[%emt 0:03:23]} d5 {[%emt 0:01:00]} 11. h3 {[%emt 0:01:59]} Be7 {[%emt 0:00:17]} 12. Nbd2 {[%emt 0:00:56]} O-O {[%emt 0:00:31]} 13. O-O {[%emt 0:00:12]} b6 {[%emt 0:02:50]} 14. Nd4 {[%emt 0:03:15]} Nxd4 {[%emt 0:01:29]} 15. Bxd4 {[%emt 0:00:02]} Ba6 {[%emt 0:00:26]} 16. Rfe1 {[%emt 0:00:20]} Rad8 {[%emt 0:07:41]} 17. Kh2 {[%emt 0:06:45]} Rfe8 {[%emt 0:04:43]} 18. f4 {[%emt 0:02:11]} g6 {[%emt 0:00:29]} 19. a4 {[%emt 0:02:15]} Nd7 {[%emt 0:06:57]} 20. a5 {[%emt 0:04:40]} Bb5 {[%emt 0:01:09]} 21. axb6 {[%emt 0:02:46]} axb6 {[%emt 0:00:02]} 22. Ra7 {[%emt 0:00:57]} Bc5 {[%emt 0:08:29]} 23. Nb3 {[%emt 0:00:59]} Bc4 {[%emt 0:03:38]} 24. Nxc5 {[%emt 0:03:50]} Nxc5 {[%emt 0:01:27]} 25. b4 {[%emt 0:01:25]} Nd3 {[%emt 0:02:52]} 26. Rea1 {[%emt 0:01:32]} b5 {[%emt 0:00:07]} 27. Bf6 {[%emt 0:00:49]} Rc8 {[%emt 0:00:39]} 28. Bf1 {[%emt 0:02:02]} h6 {[%emt 0:07:13]} 29. Rb7 {[%emt 0:02:30]} Ra8 {[%emt 0:00:12]} 30. Raa7 {[%emt 0:00:38]} Rxa7 {[%emt 0:00:06]} 31. Rxa7 {[%emt 0:00:07]} Rc8 {[%emt 0:01:00]} 32. Be2 {[%emt 0:01:31]} Kf8 {[%emt 0:03:15]} 33. Bxd3 {[%emt 0:02:39]} Bxd3 {[%emt 0:00:02]} 34. Kg1 {[%emt 0:00:51]} g5 {[%emt 0:07:58]} 35. fxg5 {[%emt 0:02:33]} hxg5 {[%emt 0:00:01]} 36. Kf2 {[%emt 0:00:21]} Kg8 {[%emt 0:02:19]} 37. Be5 {[%emt 0:01:49]} Rf8 {[%emt 0:00:36]} 38. Bd6 {[%emt 0:00:14]} Rd8 {[%emt 0:00:10]} 39. Be5 {[%emt 0:00:21]} Rc8 {[%emt 0:02:19]} 40. h4 {[%emt 0:01:05]} gxh4 {[%emt 0:00:12]} 41. gxh4 {[%emt 0:00:04]} Rf8 {[%emt 0:00:58]} 42. Bd6 {[%emt 0:00:27]} Rd8 {[%emt 0:00:45]} 43. Be5 {[%emt 0:00:24]} Rf8 {[%emt 0:02:42]} 44. Bd6 {[%emt 0:00:13]} 1/2-1/2

[Event "SVK Amateur-ch 2020"]
[Site "Topolcany"]
[Date "2020.07.12"]
[Round "5.22"]
[White "Sarkozi, Szabolcs"]
[Black "Holly, Andrej"]
[Result "1-0"]
[WhiteElo "2100"]
[BlackElo "2011"]
[Annotator "ChessBase"]
[PlyCount "71"]
[EventDate "2020.07.10"]
[EventType "swiss"]
[EventCountry "SVK"]
[SourceTitle "playchess.com"]
[Source "ChessBase"]
[SourceQuality "1"]
[TimeControl "3600+30"]

1. e4 {[%emt 0:00:00]} c5 {[%emt 0:00:00]} 2. Nf3 {[%emt 0:00:14]} g6 {[%emt 0:00:00]} 3. d4 {[%emt 0:00:03]} cxd4 {[%emt 0:00:00]} 4. Qxd4 {[%emt 0:00:10]} Nf6 {[%emt 0:00:03]} 5. e5 {[%emt 0:00:05]} Nc6 {[%emt 0:00:08]} 6. Qa4 {[%emt 0:00:09]} Nd5 {[%emt 0:00:47]} 7. Qb3 {[%emt 0:00:31]} e6 {[%emt 0:03:34]} 8. c4 {[%emt 0:08:52]} Nb6 {[%emt 0:00:37]} 9. Be3 {[%emt 0:03:27]} Qc7 {[%emt 0:02:30]} 10. Nc3 {[%emt 0:10:45]} Nxe5 {[%emt 0:07:02]} 11. Nxe5 {[%emt 0:00:05]} Qxe5 {[%emt 0:00:27]} 12. Be2 {[%emt 0:00:51]} Be7 {[%emt 0:05:04]} 13. Rd1 {[%emt 0:03:53]} O-O {[%emt 0:01:08]} 14. O-O {[%emt 0:02:48]} d6 {[%emt 0:02:31]} 15. Bf3 {[%emt 0:10:29]} Qa5 {[%emt 0:07:41]} 16. Nb5 {[%emt 0:07:58]} Bd7 {[%emt 0:00:20]} 17. Bd2 {[%emt 0:05:56]} Qa4 {[%emt 0:00:32]} 18. Bh6 {[%emt 0:03:11]} Qxb3 {[%emt 0:05:40]} 19. axb3 {[%emt 0:00:26]} Bxb5 {[%emt 0:00:20]} 20. Bxf8 {[%emt 0:00:43]} Kxf8 {[%emt 0:00:48]} 21. cxb5 {[%emt 0:00:13]} d5 {[%emt 0:00:39]} 22. Ra1 {[%emt 0:01:02]} Bc5 {[%emt 0:01:33]} 23. Rfc1 {[%emt 0:00:49]} Nd7 {[%emt 0:02:31]} 24. b4 {[%emt 0:00:51]} Bb6 {[%emt 0:01:03]} 25. Rc2 {[%emt 0:02:34]} Ne5 {[%emt 0:00:20]} 26. Be2 {[%emt 0:00:47]} d4 {[%emt 0:00:47]} 27. Rac1 {[%emt 0:00:43]} Rd8 {[%emt 0:01:37]} 28. Rc8 {[%emt 0:00:51]} Ke7 {[%emt 0:00:15]} 29. Rxd8 {[%emt 0:00:39]} Kxd8 {[%emt 0:00:01]} 30. Kf1 {[%emt 0:00:17]} Kd7 {[%emt 0:01:23]} 31. f4 {[%emt 0:00:23]} d3 {[%emt 0:00:53]} 32. fxe5 {[%emt 0:00:37]} dxe2+ {[%emt 0:00:02]} 33. Kxe2 {[%emt 0:00:01]} Ke7 {[%emt 0:01:30]} 34. Kd3 {[%emt 0:01:28]} Kd7 {[%emt 0:00:24]} 35. Ke4 {[%emt 0:00:08]} Bf2 {[%emt 0:00:37]} 36. Rf1 {[%emt 0:00:10]} 1-0

[Event "SVK Amateur-ch 2020"]
[Site "Topolcany"]
[Date "2020.07.12"]
[Round "5.23"]
[White "Kulhanek, Jachym"]
[Black "Nikanova, Ekaterina"]
[Result "1/2-1/2"]
[WhiteElo "1926"]
[BlackElo "2116"]
[Annotator "ChessBase"]
[PlyCount "110"]
[EventDate "2020.07.10"]
[EventType "swiss"]
[EventCountry "SVK"]
[SourceTitle "playchess.com"]
[Source "ChessBase"]
[SourceQuality "1"]
[TimeControl "3600+30"]

1. e4 {[%emt 0:00:00]} c5 {[%emt 0:00:00]} 2. c3 {[%emt 0:00:00]} g6 {[%emt 0:00:00]} 3. d4 {[%emt 0:00:00]} cxd4 {[%emt 0:00:00]} 4. cxd4 {[%emt 0:00:00]} d5 {[%emt 0:00:00]} 5. e5 {[%emt 0:00:00]} Bg7 {[%emt 0:00:00]} 6. Nc3 {[%emt 0:00:03]} Nc6 {[%emt 0:00:22]} 7. Be2 {[%emt 0:00:12]} f6 {[%emt 0:00:57]} 8. exf6 {[%emt 0:02:01]} exf6 {[%emt 0:00:19]} 9. h3 {[%emt 0:00:29]} Be6 {[%emt 0:01:26]} 10. Nf3 {[%emt 0:00:37]} Nge7 {[%emt 0:00:12]} 11. O-O {[%emt 0:00:51]} O-O {[%emt 0:00:19]} 12. Re1 {[%emt 0:00:05]} Bf7 {[%emt 0:03:24]} 13. Bf1 {[%emt 0:00:52]} Nf5 {[%emt 0:03:11]} 14. Bf4 {[%emt 0:00:14]} a6 {[%emt 0:01:59]} 15. Rc1 {[%emt 0:05:05]} g5 {[%emt 0:12:50]} 16. Bh2 {[%emt 0:00:22]} h5 {[%emt 0:01:28]} 17. g4 {[%emt 0:09:55]} hxg4 {[%emt 0:02:19]} 18. hxg4 {[%emt 0:00:06]} Nh6 {[%emt 0:00:24]} 19. Bh3 {[%emt 0:02:29]} f5 {[%emt 0:07:47]} 20. Ne5 {[%emt 0:05:00]} f4 {[%emt 0:00:50]} 21. Bg2 {[%emt 0:16:31]} Nxe5 {[%emt 0:12:34]} 22. dxe5 {[%emt 0:00:12]} d4 {[%emt 0:00:34]} 23. e6 {[%emt 0:03:13]} dxc3 {[%emt 0:01:56]} 24. exf7+ {[%emt 0:05:56]} Nxf7 {[%emt 0:00:35]} 25. bxc3 {[%emt 0:00:55]} Rb8 {[%emt 0:03:27]} 26. Bd5 {[%emt 0:04:36]} Qa5 {[%emt 0:03:58]} 27. Qb3 {[%emt 0:00:51]} Rbd8 {[%emt 0:02:23]} 28. Rcd1 {[%emt 0:02:22]} Rd7 {[%emt 0:07:47]} 29. Bxf7+ {[%emt 0:03:54]} Rdxf7 {[%emt 0:00:03]} 30. Re7 {[%emt 0:00:44]} Qb5 {[%emt 0:02:25]} 31. Rxf7 {[%emt 0:02:50]} Rxf7 {[%emt 0:00:04]} 32. Qc2 {[%emt 0:00:56]} Qb6 {[%emt 0:01:25]} 33. Qd3 {[%emt 0:00:58]} Rf8 {[%emt 0:00:55]} 34. Qd5+ {[%emt 0:00:35]} Kh8 {[%emt 0:00:14]} 35. Qxg5 {[%emt 0:00:26]} Bh6 {[%emt 0:00:44]} 36. Qe5+ {[%emt 0:01:04]} Bg7 {[%emt 0:00:03]} 37. Qh5+ {[%emt 0:00:44]} Kg8 {[%emt 0:00:09]} 38. Qg5 {[%emt 0:01:01]} Qc7 {[%emt 0:00:52]} 39. Rd3 {[%emt 0:00:42]} Qe5 {[%emt 0:00:47]} 40. Qxe5 {[%emt 0:00:58]} Bxe5 {[%emt 0:00:01]} 41. Kg2 {[%emt 0:00:19]} Rc8 {[%emt 0:01:06]} 42. Kf3 {[%emt 0:00:18]} Rc4 {[%emt 0:00:19]} 43. Rd8+ {[%emt 0:01:06]} Kf7 {[%emt 0:00:03]} 44. Rd7+ {[%emt 0:00:06]} Ke6 {[%emt 0:00:08]} 45. Rxb7 {[%emt 0:00:22]} Rxc3+ {[%emt 0:00:03]} 46. Kg2 {[%emt 0:00:17]} Ra3 {[%emt 0:00:56]} 47. Rb4 {[%emt 0:01:15]} a5 {[%emt 0:00:52]} 48. Rb6+ {[%emt 0:01:18]} Kd5 {[%emt 0:00:05]} 49. f3 {[%emt 0:01:05]} Rxa2+ {[%emt 0:00:07]} 50. Kh3 {[%emt 0:00:05]} a4 {[%emt 0:00:43]} 51. Rb4 {[%emt 0:00:21]} Bd6 {[%emt 0:01:40]} 52. Re4 {[%emt 0:00:23]} Ra3 {[%emt 0:00:36]} 53. Kg2 {[%emt 0:00:26]} Ra2+ {[%emt 0:00:05]} 54. Kh3 {[%emt 0:00:07]} Ra3 {[%emt 0:00:24]} 55. Kg2 {[%emt 0:00:16]} Ra2+ {[%emt 0:00:17]} 1/2-1/2

[Event "SVK Amateur-ch 2020"]
[Site "Topolcany"]
[Date "2020.07.12"]
[Round "5.24"]
[White "Moravcik, Rastislav"]
[Black "Balazs, Ladislav"]
[Result "0-1"]
[WhiteElo "1916"]
[BlackElo "2122"]
[Annotator "TA"]
[PlyCount "88"]
[EventDate "2020.07.10"]
[EventType "swiss"]
[EventCountry "SVK"]
[SourceTitle "playchess.com"]
[Source "ChessBase"]
[SourceQuality "1"]

{[%evp 9,88,11,39,8,14,0,0,-39,0,-7,11,16,77,11,67,14,150,139,131,-9,43,-103,-101,-86,-81,-112,-39,-23,-25,-66,18,37,13,0,1,-36,8,-17,-16,-11,-8,-43,-43,-43,-11,-16,-11,-17,0,-39,-32,-76,-75,-77,-66,-143,-143,-151,-143,-136,-94,-99,-86,-93,-95,-145,-143,-354,-328,-620,-611,-589,-449,-456,-449,-1351,-1295,-1222,-1019,-1179,-1171]} 1. Nf3 g6 2. g3 Bg7 3. Bg2 e5 4. d3 d5 5. O-O h6 {[#]} 6. c4 $146 {A07: Réti Opening: New York and Capablanca Systems.} ({Predecessor:} 6. e4 dxe4 7. dxe4 Qxd1 8. Rxd1 Ne7 9. Nc3 c6 10. Be3 Nd7 11. Rd2 O-O 12. Rad1 Nb6 13. Bxb6 axb6 {0-1 (56) Fink,P (1787)-Marth,J (2075) Bad Zwesten 2003}) 6... Ne7 7. Nc3 {[%cal Bb1c3,Bc3e4,Be4c5][%mdl 32]} d4 8. Ne4 {The position is equal.} O-O 9. b4 $1 f5 10. Nc5 g5 (10... Qd6 $11 {remains equal.}) 11. Rb1 (11. h4 $1 $16) 11... Ng6 (11... a6 $11) 12. e3 (12. Nd2 $14) 12... g4 (12... dxe3 $1 $11 13. fxe3 (13. Bxe3 f4 $15) 13... b6) 13. Ne1 $1 $16 c6 14. f4 ({White should try} 14. exd4 $16 exd4 15. Nc2) 14... dxe3 (14... a5 $11) 15. Bxe3 (15. fxe5 $14 b6 16. Nb3) 15... exf4 $17 16. Bxf4 Nxf4 17. Rxf4 Be5 (17... a5 $1 $17 {And now ...Be5 would win.} 18. d4 axb4) 18. Rf1 $15 a5 {Threatens to win with ...axb4.} 19. Nb3 Bd4+ (19... axb4 $15 20. d4 Bf6) 20. Nxd4 $11 Qxd4+ 21. Kh1 {Threatening Nc2.} axb4 22. Qd2 Qd6 23. Rxb4 Rxa2 24. Qxa2 Qxb4 25. d4 Qc3 $36 {[%mdl 2048] Black is pushing.} 26. d5 Re8 27. Qc2 Qxc2 28. Nxc2 c5 29. Rb1 Nd7 30. Kg1 Re2 31. Ne1 Ne5 32. Kf1 (32. Bf1 $15 Rxe1 {[%mdl 64] Remove Defender, Decoy} 33. Rxe1 Nf3+ {[%mdl 64] Double Attack} 34. Kf2 Nxe1 35. Kxe1) 32... Rd2 $17 33. Rb5 Nxc4 {...b6 is the strong threat.} 34. Rxc5 Ne3+ 35. Kg1 Bd7 36. Rc7 Ba4 {aiming for ...Re2.} 37. Rxb7 {[#]} Re2 $1 {[%cal Re2e1]} 38. Rb1 $2 {[#] This move loses the game for White.} (38. d6 $17) 38... Bd1 $1 $19 39. Rxd1 $2 (39. Bf1 Rxe1 40. Kf2 Rxf1+ 41. Kxe3) 39... Nxd1 {KRN-KBN. Black is clearly winning.} 40. Nd3 Rd2 41. Nf4 Ne3 42. Bf1 {[#]} (42. h3 $142) 42... Rd1 $1 {[%csl Ge3][%cal Rd1f1]} 43. Kf2 Nxf1 44. Ke2 Ra1 {Accuracy: White = 35%, Black = 61%.} 0-1

[Event "SVK Amateur-ch 2020"]
[Site "Topolcany"]
[Date "2020.07.12"]
[Round "5.25"]
[White "Belus, Benjamin"]
[Black "Lach, Piotr"]
[Result "0-1"]
[WhiteElo "1919"]
[BlackElo "2086"]
[Annotator "ChessBase"]
[PlyCount "40"]
[EventDate "2020.07.10"]
[EventType "swiss"]
[EventCountry "SVK"]
[SourceTitle "playchess.com"]
[Source "ChessBase"]
[SourceQuality "1"]
[TimeControl "3600+30"]

1. c4 {[%emt 0:08:31]} e5 {[%emt 0:00:00]} 2. g3 {[%emt 0:00:04]} Nf6 {[%emt 0:00:39]} 3. Bg2 {[%emt 0:00:01]} d6 {[%emt 0:03:00]} 4. e3 {[%emt 0:00:09]} Be7 {[%emt 0:00:34]} 5. d4 {[%emt 0:00:02]} exd4 {[%emt 0:02:47]} 6. exd4 {[%emt 0:00:02]} O-O {[%emt 0:01:00]} 7. Ne2 {[%emt 0:00:02]} d5 {[%emt 0:01:29]} 8. b3 {[%emt 0:01:16]} c5 {[%emt 0:04:42]} 9. Nd2 {[%emt 0:05:29]} cxd4 {[%emt 0:02:04]} 10. Nxd4 {[%emt 0:01:30]} Bb4 {[%emt 0:09:41]} 11. Bb2 {[%emt 0:08:00]} Re8+ {[%emt 0:09:48]} 12. Ne2 {[%emt 0:05:39]} dxc4 {[%emt 0:02:08]} 13. bxc4 {[%emt 0:00:45]} Nc6 {[%emt 0:05:26]} 14. Bxf6 {[%emt 0:09:18]} gxf6 {[%emt 0:01:39]} 15. Bxc6 {[%emt 0:01:22]} bxc6 {[%emt 0:00:26]} 16. Rb1 {[%emt 0:00:05]} Bg4 {[%emt 0:02:51]} 17. Rxb4 {[%emt 0:16:44]} Rxe2+ {[%emt 0:00:24]} 18. Kf1 {[%emt 0:00:37]} Qxd2 {[%emt 0:00:25]} 19. Qxd2 {[%emt 0:01:07]} Rxd2 {[%emt 0:00:02]} 20. c5 {[%emt 0:00:54]} Bf3 {[%emt 0:00:47]} 0-1

[Event "SVK Amateur-ch 2020"]
[Site "Topolcany"]
[Date "2020.07.12"]
[Round "5.26"]
[White "Ladnak, Marek"]
[Black "Szitas, Gabor"]
[Result "0-1"]
[WhiteElo "1882"]
[BlackElo "2082"]
[Annotator "ChessBase"]
[PlyCount "96"]
[EventDate "2020.07.10"]
[EventType "swiss"]
[EventCountry "SVK"]
[SourceTitle "playchess.com"]
[Source "ChessBase"]
[SourceQuality "1"]
[TimeControl "3600+30"]

1. e4 {[%emt 0:00:00]} e5 {[%emt 0:00:00]} 2. Nf3 {[%emt 0:00:00]} Nc6 {[%emt 0:00:00]} 3. d4 {[%emt 0:00:00]} exd4 {[%emt 0:00:00]} 4. Bc4 {[%emt 0:00:01]} Bc5 {[%emt 0:01:22]} 5. c3 {[%emt 0:00:09]} Nf6 {[%emt 0:00:13]} 6. e5 {[%emt 0:03:10]} d5 {[%emt 0:00:40]} 7. Bb5 {[%emt 0:00:06]} Ne4 {[%emt 0:00:09]} 8. Nxd4 {[%emt 0:01:05]} Bd7 {[%emt 0:00:08]} 9. Bxc6 {[%emt 0:01:38]} bxc6 {[%emt 0:00:07]} 10. O-O {[%emt 0:00:20]} O-O {[%emt 0:01:21]} 11. Kh1 {[%emt 0:00:50]} Bb6 {[%emt 0:01:41]} 12. f3 {[%emt 0:01:46]} Ng5 {[%emt 0:00:10]} 13. f4 {[%emt 0:02:22]} Ne4 {[%emt 0:00:09]} 14. Be3 {[%emt 0:00:35]} c5 {[%emt 0:01:42]} 15. Nc2 {[%emt 0:02:52]} c6 {[%emt 0:03:26]} 16. Nd2 {[%emt 0:01:45]} Nxd2 {[%emt 0:03:32]} 17. Qxd2 {[%emt 0:01:32]} f6 {[%emt 0:08:43]} 18. exf6 {[%emt 0:06:20]} Qxf6 {[%emt 0:04:58]} 19. a4 {[%emt 0:02:20]} c4 {[%emt 0:08:52]} 20. a5 {[%emt 0:06:01]} Bxe3 {[%emt 0:16:01]} 21. Qxe3 {[%emt 0:00:08]} Bf5 {[%emt 0:00:10]} 22. Nb4 {[%emt 0:00:47]} Be4 {[%emt 0:00:25]} 23. Kg1 {[%emt 0:05:07]} Qg6 {[%emt 0:00:56]} 24. Rf2 {[%emt 0:01:29]} Qd6 {[%emt 0:00:40]} 25. Na6 {[%emt 0:03:35]} h5 {[%emt 0:00:37]} 26. Nc5 {[%emt 0:00:44]} Bf5 {[%emt 0:00:47]} 27. Qd4 {[%emt 0:01:51]} Rf6 {[%emt 0:01:13]} 28. Re1 {[%emt 0:02:12]} Rc8 {[%emt 0:02:40]} 29. Nb7 {[%emt 0:04:41]} Qb8 {[%emt 0:02:25]} 30. a6 {[%emt 0:00:33]} Be4 {[%emt 0:00:22]} 31. f5 {[%emt 0:06:12]} Re8 {[%emt 0:01:53]} 32. Rfe2 {[%emt 0:07:14]} Rxf5 {[%emt 0:01:07]} 33. Nc5 {[%emt 0:00:17]} Qf4 {[%emt 0:02:32]} 34. g3 {[%emt 0:03:38]} Qe5 {[%emt 0:05:26]} 35. Nxe4 {[%emt 0:04:55]} Qxd4+ {[%emt 0:00:36]} 36. cxd4 {[%emt 0:00:06]} dxe4 {[%emt 0:00:21]} 37. Rxe4 {[%emt 0:01:24]} Rxe4 {[%emt 0:00:07]} 38. Rxe4 {[%emt 0:00:04]} Ra5 {[%emt 0:00:03]} 39. Re8+ {[%emt 0:00:44]} Kf7 {[%emt 0:00:20]} 40. Rh8 {[%emt 0:00:06]} Rxa6 41. Rxh5 {[%emt 0:00:07]} Ra1+ {[%emt 0:03:05]} 42. Kg2 {[%emt 0:00:26]} Ra2 {[%emt 0:00:07]} 43. Rf5+ {[%emt 0:00:12]} Ke6 {[%emt 0:00:07]} 44. Rf2 {[%emt 0:00:07]} Kd5 {[%emt 0:00:20]} 45. Kf3 {[%emt 0:00:42]} a5 {[%emt 0:00:11]} 46. Ke3 {[%emt 0:00:27]} g6 {[%emt 0:00:46]} 47. h4 {[%emt 0:02:17]} c3 {[%emt 0:00:12]} 48. Kd3 {[%emt 0:00:30]} cxb2 {[%emt 0:00:30]} 0-1

[Event "SVK Amateur-ch 2020"]
[Site "Topolcany"]
[Date "2020.07.12"]
[Round "5.27"]
[White "Salgovic, Simon"]
[Black "Tropp, Oliver"]
[Result "0-1"]
[WhiteElo "1877"]
[BlackElo "2087"]
[Annotator "ChessBase"]
[PlyCount "54"]
[EventDate "2020.07.10"]
[EventType "swiss"]
[EventCountry "SVK"]
[SourceTitle "playchess.com"]
[Source "ChessBase"]
[SourceQuality "1"]
[TimeControl "3600+30"]

1. e4 {[%emt 0:00:00]} e6 {[%emt 0:00:00]} 2. d4 {[%emt 0:00:00]} d5 {[%emt 0:00:00]} 3. Nd2 {[%emt 0:00:00]} Nf6 {[%emt 0:00:00]} 4. e5 {[%emt 0:00:00]} Nfd7 {[%emt 0:00:00]} 5. Bd3 {[%emt 0:00:00]} c5 {[%emt 0:00:00]} 6. c3 {[%emt 0:00:02]} Nc6 {[%emt 0:00:00]} 7. Ne2 {[%emt 0:00:09]} cxd4 {[%emt 0:00:15]} 8. cxd4 {[%emt 0:00:06]} f6 {[%emt 0:00:03]} 9. exf6 {[%emt 0:03:24]} Nxf6 {[%emt 0:00:07]} 10. O-O {[%emt 0:00:08]} Bd6 {[%emt 0:00:11]} 11. Nf3 {[%emt 0:00:25]} Qc7 {[%emt 0:00:21]} 12. Bg5 {[%emt 0:00:50]} O-O {[%emt 0:00:05]} 13. Bh4 {[%emt 0:01:59]} Qb6 {[%emt 0:25:38]} 14. Qb1 {[%emt 0:10:22]} h6 {[%emt 0:00:55]} 15. a3 {[%emt 0:03:24]} Bd7 {[%emt 0:01:06]} 16. b4 {[%emt 0:03:15]} e5 {[%emt 0:12:35]} 17. dxe5 {[%emt 0:03:39]} Nxe5 {[%emt 0:00:05]} 18. Nxe5 {[%emt 0:00:29]} Bxe5 {[%emt 0:00:05]} 19. Ra2 {[%emt 0:00:10]} Ng4 {[%emt 0:16:05]} 20. Bg3 {[%emt 0:02:03]} Rae8 {[%emt 0:00:21]} 21. h3 {[%emt 0:01:42]} Bxg3 {[%emt 0:00:34]} 22. Nxg3 {[%emt 0:00:32]} Ne5 {[%emt 0:00:02]} 23. Bf5 {[%emt 0:08:31]} Bb5 {[%emt 0:01:19]} 24. Rd1 {[%emt 0:02:02]} g6 {[%emt 0:01:16]} 25. Bg4 {[%emt 0:02:17]} h5 {[%emt 0:01:13]} 26. Nxh5 {[%emt 0:01:23]} Nxg4 {[%emt 0:02:44]} 27. hxg4 {[%emt 0:00:03]} Be2 {[%emt 0:03:35]} 0-1